Rose / (Record no. 6186)
[ view plain ]
| 000 -LEADER | |
|---|---|
| fixed length control field | 00802cam a2200337ua 4500 |
| 041 ## - LANGUAGE CODE | |
| Language code of text/sound track or separate title | mal |
| 082 ## - DEWEY DECIMAL CLASSIFICATION NUMBER | |
| Classification number | 635.93372 |
| Item number | GEO/RO |
| 100 ## - MAIN ENTRY--AUTHOR NAME | |
| Personal name | George, Thomas . |
| 245 ## - TITLE STATEMENT | |
| Title | Rose / |
| 260 ## - PUBLICATION, DISTRIBUTION, ETC. (IMPRINT) | |
| Place of publication | Thiruvananthapuram : |
| Name of publisher | State Instititute of Languages , |
| Year of publication | 1974. |
| 300 ## - PHYSICAL DESCRIPTION | |
| Number of Pages | 243 ; . |
| 700 1# - ADDED ENTRY--PERSONAL NAME | |
| Personal name | Gopimony, M . |
| 942 ## - ADDED ENTRY ELEMENTS (KOHA) | |
| Koha item type | Books |
| Withdrawn status | Lost status | Damaged status | Home library | Current library | Date acquired | Full call number | Accession Number | Koha item type |
|---|---|---|---|---|---|---|---|---|
| KAUAET | KAUAET | 07/04/2012 | 635.93372 | 13995 | Books | |||
| KAUAET | KAUAET | 07/04/2012 | 635.93372 | 13990 | Books | |||
| Withdrawn | KAUAET | KAUAET | 07/04/2012 | 635.93372 | 13989 | Books | ||
| Withdrawn | Damaged | KAUAET | KAUAET | 07/04/2012 | 635.93372 | 13986 | Books | |
| Withdrawn | Damaged | KAUAET | KAUAET | 07/04/2012 | 635.93372 | 13997 | Books | |
| KAUAET | KAUAET | 07/04/2012 | 635.93372 | 13988 | Books | |||
| Withdrawn | Damaged | KAUAET | KAUAET | 07/04/2012 | 635.93372 | 13984 | Books | |
| KAUAET | KAUAET | 07/04/2012 | 635.93372 | 13998 | Books | |||
| KAUAET | KAUAET | 07/04/2012 | 635.93372 | 13996 | Books | |||
| KAUAET | KAUAET | 07/04/2012 | 635.93372 | 13994 | Books | |||
| KAUAET | KAUAET | 07/04/2012 | 635.93372 | 13991 | Books | |||
| KAUAET | KAUAET | 07/04/2012 | 635.93372 | 13987 | Books | |||
| KAUAET | KAUAET | 07/04/2012 | 635.93372 | 13993 | Books | |||
| KAUAET | KAUAET | 07/04/2012 | 635.93372 | 13985 | Books | |||
| Withdrawn | KAUAET | KAUAET | 16/11/2023 | 635.93372 GEO/RO | 13992 | Books |
